000 01091nam a22002295i 4500
001 162153
003 ES-MaACL
005 20250930063143.0
008 020215s1871 sp |||| | spa d
040 _aCAM
_bspa
_cCAM
100 0 _aPina, Mariano,
_d1820-1883
_992066
245 1 4 _aLos rayos del sol
_b: zarzuela en un acto /
_cletra de Mariano Pina ; música de J. Offenbach.
260 _aMadrid :
_b[s.n.],
_c1871 (
_fImprenta de José Rodriguez)
300 _a31 p. ;
_c20 cm.
500 _aEn port.: Representada por primera vez en Madrid, en el Teatro del Circo (Bufos Arderius) el 3 de febrero de 1871.
500 _aSolo la letra.
500 _aPrecede al tít.: Repertorio de los bufos Arderius.
596 _aEn verso de la port. consta: "... Galerias Dramáticas y Líricas de Gullon e Hidalgo ..."
700 0 _aOffenbach, Jacques.
_986559
852 _aES-MaACL
_jF-8584(7)
_z-- Enc. pasta española
_q-- Falto de la cub. original
_z-- Enc. en un vol. facticio formando parte de la col. facticia "Teatro español moderno", vol. 37
999 _c162153
_d162153